El borde costero
Saved in:
| Corporate Authors: | , |
|---|---|
| Format: | Book |
| Language: | Spanish |
| Published: |
Santiago
Ministerio de Defensa Nacional
1998
|
| Subjects: | |
| Tags: |
Add Tag
No Tags, Be the first to tag this record!
|
MARC
| LEADER | 00000nam a2200000 a 4500 | ||
|---|---|---|---|
| 001 | UCK8990 | ||
| 003 | CL-VaPUC | ||
| 008 | 060413e19980000CL |||||||||||||||||spa|d | ||
| 082 | 0 | 4 | |a 372.91 |b MIN |2 21 |
| 110 | 2 | |a Ministerio de Defensa Nacional |e author |9 498714 | |
| 710 | 2 | |a Subsecretaría de Marina |e author |9 498715 | |
| 245 | 1 | 3 | |a El borde costero |
| 300 | |a 24 p | ||
| 942 | |c BK | ||
| 945 | |d 20060413 00:00:00 |a cmena | ||
| 260 | |a Santiago |b Ministerio de Defensa Nacional |c 1998 | ||
| 650 | 0 | |a Borde costero |9 463353 | |
| 650 | 0 | |a Geografía de Chile |9 268295 | |
| 650 | 0 | |a Educación básica |9 224933 | |
| 650 | 0 | |a Protección del medio ambiente |9 257626 | |
| 650 | 0 | |a Recursos marinos |9 261196 | |
| 583 | |a last modification |c 20060413 00:00:00 |k Rodrigo Vera | ||
| 999 | |c 316346 |d 316344 | ||
| 952 | |0 0 |1 0 |4 0 |6 372_910000000000000_MIN_1998 |7 0 |8 A |9 390654 |a BIBEDU |b BIBEDU |d 2019-11-22 |i 4188039 |o 372.91 MIN 1998 |p 4188039 |r 2019-11-22 |w 2019-11-22 |y BK |k EBA | ||
| 952 | |0 0 |1 0 |4 0 |6 372_910000000000000_MIN_1998 |7 0 |8 A |9 390655 |a BIBEDU |b BIBEDU |d 2019-11-22 |i 4188047 |o 372.91 MIN 1998 |p 4188047 |r 2019-11-22 |w 2019-11-22 |y BK |k EBA | ||
| 952 | |0 0 |1 0 |4 0 |6 372_910000000000000_MIN_1998 |7 0 |8 A |9 390656 |a BIBEDU |b BIBEDU |d 2019-11-22 |i 4188055 |o 372.91 MIN 1998 |p 4188055 |r 2019-11-22 |w 2019-11-22 |y BK |k EBA | ||